000 00650nam a2200181Ia 4500
008 100920s9999 xx 000 0 und d
082 _b80570
_a891.43 न 02
100 _aधुमकेतू.
245 _aसम्राट चन्द्रगुप्त.
260 _bसुरेन्द्रकुमार एण्ड सन्ज , दिल्ली.
_c2002
300 _a168
_bसाधी
365 _b200
520 _aहिंदी.
630 _aसम्राट चन्द्रगुप्त.
650 _aहिंदी.
730 _aसम्राट चन्द्रगुप्त.
942 _cBOOK
999 _c721462
_d721459